000 00590nam a2200193Ia 4500
005 20250507130201.0
008 008 250505s9999 xx 000 0 eng d
037 _aSeries Article
040 _aEASL
_beng
_cEASL
041 _aeng
_2eng
084 _qEASL
100 _aFewsmith Joseph
245 0 _aSixteenth National Party Congress: The succession that didn't happen
260 _aUK
_bLondon School of Oriental & African Studies
_c2003
300 _a1-16
650 _aChina; National Party Congress-Sixteenth
_9755015
942 _cSRA
999 _c1318186
_d1318186